Ceramic source "86
Gorde:
| Formatua: | Liburua |
|---|---|
| Hizkuntza: | Undetermined |
| Argitaratua: |
New York
Annual Sources Book Compiled by The American Ceramic Society, Inc
1986
|
| Gaiak: | |
| Etiketak: |
Etiketa erantsi
Etiketarik gabe, Izan zaitez lehena erregistro honi etiketa jartzen!
|
| Thư viện lưu trữ: | Trung tâm Học liệu Trường Đại học Cần Thơ |
|---|
| LEADER | 00488nam a2200169Ia 4500 | ||
|---|---|---|---|
| 001 | CTU_80816 | ||
| 008 | 210402s9999 xx 000 0 und d | ||
| 082 | |a 666.05 | ||
| 082 | |b C411/T.1 | ||
| 245 | 0 | |a Ceramic source "86 | |
| 260 | |a New York | ||
| 260 | |b Annual Sources Book Compiled by The American Ceramic Society, Inc | ||
| 260 | |c 1986 | ||
| 650 | |a Ceramic industries | ||
| 650 | |x Directories | ||
| 904 | |i Trọng Hải | ||
| 980 | |a Trung tâm Học liệu Trường Đại học Cần Thơ | ||